| 000 | 00847nam a22002057a 4500 | ||
|---|---|---|---|
| 003 | BD-ChCU | ||
| 005 | 20240310133930.0 | ||
| 008 | 240310b bg ||||| |||| 00| 0 ben d | ||
| 020 | _a984623000 | ||
| 040 | _cBD-ChCU | ||
| 082 |
_222 _a২০০ উপা ৮ ক |
||
| 100 |
_aউপাধ্যায়, দেবপ্রকাশ _94509 |
||
| 245 |
_aকল্কি অবতার এবং মোহাম্মদ সাহেব / _cদেবপ্রকাশ উপাধ্যায় |
||
| 250 | _a৩১ সং. | ||
| 260 |
_aঢাকা : _bইসলাম সাহিত্য প্রকাশন, _cc২০১৪ |
||
| 300 |
_a২২০পৃ. : _c22 cm. |
||
| 650 | 0 |
_aধর্ম _94510 |
|
| 700 |
_aশামসুজ্জামান, মোহাম্মদ _eসম্পাদক _94511 |
||
| 942 |
_2ddc _cBK _n0 |
||
| 999 |
_c103855 _d103855 |
||